| 000 | 00828nam a22002177a 4500 | ||
|---|---|---|---|
| 008 | 090119c xxu||||| |||| 00| 0 eng d | ||
| 022 | _a0973-4082 | ||
| 022 | _a0973-4074 | ||
| 040 | _adpl | ||
| 082 | _a363.70071 | ||
| 245 | _aJournal of education for sustainable development | ||
| 260 |
_aNew Delhi _bSage _c2007- |
||
| 260 |
_aNew Delhi _bCentre for Environment Education _c2007- |
||
| 300 |
_av. _c24 cm |
||
| 310 | _aHalf-yearly | ||
| 500 | _aincludes bibliographical references | ||
| 650 | _aSustainable development | ||
| 270 |
_aB1/I-1, Mohan Industrial Area, Mathura Road _bNew Delhi _e110044 _zwww.jsd.sagepub.com |
||
| 942 |
_2ddc _cSR _h363.70071 _mJOU _s1 |
||
| 999 |
_c21328 _d21328 |
||